Capitales situées sur des îles ou non ? 1 - Statistiques

Statistiques générales
  • Ce quiz a été pris 132 fois
  • Le résultat moyen est 15 sur 25
Statistiques - réponses
Hint Réponse % Correct
Tirana NON
90%
Ankara NON
87%
Manille OUI
84%
Islamabad NON
83%
Buenos Aires NON
82%
Accra NON
80%
Singapour OUI
80%
Vaduz NON
77%
Wellington OUI
77%
Suva OUI
71%
Lomé NON
70%
Antananarivo OUI
69%
Funafuti OUI
68%
Saint-Marin NON
66%
Hanoï NON
64%
Dublin OUI
64%
Djibouti NON
58%
Londres OUI
47%
Alofi OUI
43%
Abou Dabi OUI
39%
Amsterdam OUI
38%
Séoul OUI
26%
Banjul OUI
20%
Riga OUI
18%
Tbilissi OUI
6%
Aucun quiz correspondant
Distribution des résultats
% des personnes avec chaque résultat
Percentile par nombre de réponses
Votre historique - résultats
Vous n’avez pas pris ce quiz